000 004260000a22001690004500
003 MACL
005 20160108130557.0
008 160108b xxu||||| |||| 00| 0 eng d
040 _aMACL
_cMACL
041 _aEnglish
082 _a910/STE
100 _aBlanchard, E L
_929648
245 _aA Sentimental Journey
_bFrance and Italy
260 _bWilloughby & Co
_aLondon
650 _aTravel
_929649
942 _cBK
_k910/STE
_2ddc
999 _c39402
_d39402